000 00632nam a2200193 i 4500
001 131643
003 ES-MaACL
005 20251118151605.0
007 t|
008 070214s1972 sp r ||||1| spa d
100 1 _aRodríguez Campos, José.
_998401
245 1 0 _aCien ripios /
_cJosé Rodríguez Campos ; ilustraciones de Martín Morales.
260 _aGranada :
_bAsociación para Fomento de la Cultura,
_c1972.
300 _a155 p. :
_bil. ;
_c21 cm.
700 0 _aMartínmorales,
_d1946-2022
_9171066
710 2 _aAsociación para Fomento de la Cultura.
_91776
852 _aES-MaACL
_jC-47038
999 _c131643
_d131643